000
00456nam a2200181Ia 4500
008
090123s9999 xx 000 0 und d
082
_b
38715
100
_a
रावळ मोहन
245
_a
डॉली
250
_a
1
260
_b
अजब प्रकाशन
_c
2005
300
_a
176
600
_a
रावळ मोहन
630
_a
डॉली
700
_a
रावळ मोहन
730
_a
डॉली
942
_c
BOOK
999
_c
76785
_d
76785